[Event "DEM U10/U10w 2000"]
[Site "Überlingen GER"]
[Date "2000.06.07"]
[Round "6"]
[White "Miclea, Sebastian"]
[Black "Lange, Jan-David"]
[Result "1-0"]
[Termination "normal"]
[Board "31"]
[WhiteElo "638"]
[BlackElo "1000"]
[PlyCount "113"]
[BlackFideId "24614963"]
[EventCountry "GER"]
[EventRounds "11"]
[EventType "swiss"]
[EventDate "2000.06.03"]

1. c4 e5 2. Nc3 Bc5 3. Nf3 d6 4. a3 Nc6 5. e3 Nf6 6. b4 Bb6 7. Bb2 Bg4 8. Be2
O-O 9. Na4 e4 10. Ng5 h6 11. Bxg4 Nxg4 12. Qxg4 Qxg5 13. Qxg5 hxg5 14. Nxb6
axb6 15. d4 exd3 16. Kd2 Rfd8 17. Kxd3 d5 18. cxd5 Rxd5+ 19. Ke2 Rad8 20. Rad1
Rxd1 21. Rxd1 Rxd1 22. Kxd1 f5 23. b5 Na5 24. a4 Nc4 25. Kc2 Nxb2 26. Kxb2 Kf7
27. Kc3 Ke6 28. Kd4 Kd6 29. f3 c6 30. h3 c5+ 31. Kc4 Ke5 32. a5 bxa5 33. Kxc5
a4 34. Kb4 Kd5 35. Kxa4 Kc5 36. f4 gxf4 37. exf4 b6 38. g4 fxg4 39. hxg4 Kd4
40. Kb4 Kd5 41. g5 Ke6 42. Kc4 Kf5 43. Kd5 Kxf4 44. g6 Kf5 45. Kc6 Kxg6 46.
Kxb6 Kf5 47. Kc6 g5 48. b6 g4 49. b7 Ke4 50. b8=Q Kf3 51. Qf8+ Kg2 52. Kd5 g3
53. Ke4 Kg1 54. Kf3 g2 55. Qg7 Kf1 56. Qxg2+ Ke1 57. Qe2# 1-0

[Event "DEM U10/U10w 2000"]
[Site "Überlingen GER"]
[Date "2000.06.07"]
[Round "6"]
[White "Ahlers, Hendrik"]
[Black "Wassilian, Diana"]
[Result "1-0"]
[Termination "normal"]
[Board "33"]
[WhiteElo "504"]
[BlackElo "889"]
[PlyCount "137"]
[EventCountry "GER"]
[EventRounds "11"]
[EventType "swiss"]
[EventDate "2000.06.03"]

1. e4 e5 2. Nf3 Nc6 3. Bb5 a6 4. Ba4 Nf6 5. Nc3 Be7 6. O-O b5 7. Bb3 d6 8. h3
Bb7 9. d3 Nd4 10. Nxd4 exd4 11. Ne2 c5 12. c3 dxc3 13. bxc3 O-O 14. Bg5 h6 15.
Bh4 d5 16. exd5 Bxd5 17. Bxd5 Qxd5 18. d4 c4 19. Qc2 Rae8 20. f3 Nh5 21. Bxe7
Rxe7 22. Rad1 Rfe8 23. Rd2 Rd7 24. Rfd1 Rd6 25. a3 Rg6 26. a4 Qd7 27. axb5 axb5
28. Qb2 Qxh3 29. Nc1 Nf4 30. Rf1 Ree6 31. d5 Rd6 32. Rff2 Rb6 33. Rd4 Nh5 34.
Re4 Nf6 35. Rd4 Qg3 36. Ne2 Qg5 37. d6 Rb7 38. Nf4 Rd7 39. Nxg6 Qxg6 40. Qxb5
Qg3 41. Rfd2 Qe1+ 42. Kh2 h5 43. Qxc4 g6 44. Re2 Qc1 45. Qc8+ Kg7 46. c4 Qc3
47. Rdd2 Qa5 48. c5 Qd8 49. Qxd8 Rxd8 50. c6 Rc8 51. d7 Rxc6 52. d8=Q g5 53.
Rd6 Rxd6 54. Qxd6 h4 55. Qe5 Kg6 56. Rf2 g4 57. Qf4 g3+ 58. Kg1 gxf2+ 59. Kxf2
Nd5 60. Qe4+ f5 61. Qxd5 Kg5 62. Qd8+ Kh5 63. Ke3 Kg6 64. Qxh4 Kg7 65. Qg5+ Kh7
66. Kf4 Kh8 67. Kxf5 Kh7 68. Kf6 Kh8 69. Qg7# 1-0

[Event "DEM U10/U10w 2000"]
[Site "Überlingen GER"]
[Date "2000.06.07"]
[Round "6"]
[White "Laake, Tamara"]
[Black "Fröschle, Luzie"]
[Result "1-0"]
[Termination "normal"]
[Board "34"]
[WhiteElo "492"]
[BlackElo "876"]
[PlyCount "59"]
[BlackFideId "24631221"]
[EventCountry "GER"]
[EventRounds "11"]
[EventType "swiss"]
[EventDate "2000.06.03"]

1. e4 e5 2. Nf3 Nc6 3. Bb5 a6 4. Bxc6 dxc6 5. Nc3 Nf6 6. Nxe5 Qd4 7. Nf3 Qc4 8.
d3 Qe6 9. O-O Bd6 10. Bg5 O-O 11. Re1 Bc5 12. d4 Bb4 13. e5 Nd5 14. Bd2 Qg6 15.
Nh4 Qe6 16. Nxd5 Bxd2 17. Nxc7 Qe7 18. Nxa8 Bxe1 19. Qxe1 Qxh4 20. Nb6 Qxd4 21.
Nxc8 Rxc8 22. e6 Re8 23. e7 Qxb2 24. Rd1 f6 25. Qe6+ Kh8 26. Qf7 h6 27. Qxe8+
Kh7 28. Qd7 Qxc2 29. Qd3+ Qxd3 30. Rxd3 1-0

[Event "DEM U10/U10w 2000"]
[Site "Überlingen GER"]
[Date "2000.06.07"]
[Round "6"]
[White "Collmann, Martin"]
[Black "Friedrich, Jan"]
[Result "0-1"]
[Termination "normal"]
[Board "35"]
[WhiteElo "496"]
[BlackElo "821"]
[PlyCount "66"]
[BlackFideId "24659452"]
[EventCountry "GER"]
[EventRounds "11"]
[EventType "swiss"]
[EventDate "2000.06.03"]

1. e4 c5 2. Nc3 Nc6 3. f4 d6 4. Nf3 g6 5. Bc4 Bg7 6. O-O Nf6 7. a3 O-O 8. d3
Bg4 9. h3 Bxf3 10. Qxf3 Nd4 11. Qf2 a6 12. b4 b5 13. Bd5 Nxd5 14. Nxd5 Ne2+ 15.
Qxe2 Bxa1 16. c3 e6 17. Qa2 exd5 18. Qxa1 dxe4 19. f5 exd3 20. c4 f6 21. fxg6
hxg6 22. cxb5 axb5 23. Bh6 Rf7 24. Qa2 Raa7 25. Qe6 Qe7 26. Qg4 g5 27. Qf5 d2
28. h4 Qe3+ 29. Kh1 Qe1 30. Qd3 Qxh4+ 31. Qh3 Qxh3+ 32. gxh3 Rae7 33. h4 Re1
0-1

[Event "DEM U10/U10w 2000"]
[Site "Überlingen GER"]
[Date "2000.06.07"]
[Round "6"]
[White "Rath, Oliver"]
[Black "Gremmer, Julia"]
[Result "1-0"]
[Termination "normal"]
[Board "36"]
[WhiteElo "332"]
[BlackElo "730"]
[PlyCount "117"]
[WhiteFideId "24610380"]
[EventCountry "GER"]
[EventRounds "11"]
[EventType "swiss"]
[EventDate "2000.06.03"]

1. d4 d5 2. c4 e6 3. Nc3 Nf6 4. Bg5 Be7 5. Nf3 Nbd7 6. e3 O-O 7. Bd3 dxc4 8.
Bxc4 b6 9. O-O Bb7 10. Re1 h6 11. Bf4 Bd6 12. Bxd6 cxd6 13. e4 Rc8 14. Bb3 Re8
15. Rc1 a6 16. a3 b5 17. d5 Nb6 18. dxe6 Nc4 19. exf7+ Kxf7 20. Bxc4+ Rxc4 21.
e5 dxe5 22. Qxd8 Rxd8 23. Nxe5+ Kg8 24. Nxc4 bxc4 25. Rcd1 Rc8 26. Re7 Rb8 27.
Rc7 Nh5 28. Rxc4 Kh7 29. Rb4 a5 30. Rb5 Nf4 31. g3 Bf3 32. Rxb8 Bxd1 33. Nxd1
Ne2+ 34. Kg2 Nd4 35. Rd8 Nc6 36. Rd2 Kg8 37. Kf3 Kf7 38. Ke4 Ke6 39. Nc3 g6 40.
Nb5 Nb8 41. Rd6+ Ke7 42. Rxg6 Nd7 43. Rg7+ Ke6 44. Rg6+ Kf7 45. Rc6 Nf6+ 46.
Kf5 Nd5 47. Rd6 Ne7+ 48. Ke5 Ng6+ 49. Rxg6 Kxg6 50. b4 axb4 51. axb4 h5 52. Nd6
h4 53. gxh4 Kg7 54. b5 Kf8 55. b6 Ke7 56. b7 Kf8 57. b8=Q+ Kg7 58. Kf5 Kh6 59.
Qh8# 1-0

[Event "DEM U10/U10w 2000"]
[Site "Überlingen GER"]
[Date "2000.06.07"]
[Round "6"]
[White "Ugur, Özgür"]
[Black "Prosch, Florian"]
[Result "1-0"]
[Termination "normal"]
[Board "37"]
[WhiteElo "183"]
[BlackElo "717"]
[PlyCount "63"]
[EventCountry "GER"]
[EventRounds "11"]
[EventType "swiss"]
[EventDate "2000.06.03"]

1. e4 d5 2. exd5 Qxd5 3. Nc3 Qa5 4. d4 c6 5. Bd2 Qc7 6. Bc4 Nf6 7. Nf3 Bg4 8.
O-O e6 9. h3 Bxf3 10. Qxf3 Be7 11. Rfe1 O-O 12. Ne2 Qd6 13. c3 Nbd7 14. Ng3 Qb8
15. Bf4 Qd8 16. Re2 b5 17. Bd3 a6 18. Rae1 c5 19. dxc5 Nxc5 20. Be4 Nfxe4 21.
Nxe4 Nxe4 22. Rxe4 Bd6 23. Rd1 e5 24. Bxe5 Qg5 25. Rxd6 Rad8 26. Qg3 Qc1+ 27.
Kh2 g6 28. Qh4 Rxd6 29. Bxd6 Qxb2 30. Bxf8 Qxc3 31. Re8 Qc7+ 32. Qg3 1-0

[Event "DEM U10/U10w 2000"]
[Site "Überlingen GER"]
[Date "2000.06.07"]
[Round "6"]
[White "Rutz, Marco"]
[Black "Marx, Heiner"]
[Result "1-0"]
[Termination "normal"]
[Board "39"]
[WhiteElo "951"]
[BlackElo "202"]
[PlyCount "51"]
[EventCountry "GER"]
[EventRounds "11"]
[EventType "swiss"]
[EventDate "2000.06.03"]

1. b4 e5 2. Bb2 Bxb4 3. Bxe5 Nf6 4. a3 Bc5 5. Nc3 Nc6 6. Bg3 d6 7. Nf3 Bf5 8.
e3 O-O 9. Be2 d5 10. d4 Bd6 11. O-O Qe7 12. Bh4 Be6 13. Nb5 a6 14. Bxf6 Qxf6
15. Nxd6 cxd6 16. Rc1 Qg6 17. Bd3 Bf5 18. Nh4 Bg4 19. f3 Bxf3 20. Qxf3 Qg5 21.
Qf4 Qe7 22. Nf5 Qf6 23. Nxd6 Qe7 24. Rb1 g5 25. Qf5 Qxe3+ 26. Rf2 1-0

[Event "DEM U10/U10w 2000"]
[Site "Überlingen GER"]
[Date "2000.06.07"]
[Round "6"]
[White "Lips, Franziska"]
[Black "Mucha, Annegret"]
[Result "0-1"]
[Termination "normal"]
[Board "40"]
[WhiteElo "840"]
[BlackElo "485"]
[PlyCount "38"]
[BlackFideId "24622788"]
[EventCountry "GER"]
[EventRounds "11"]
[EventType "swiss"]
[EventDate "2000.06.03"]

1. e4 e5 2. Nf3 Nc6 3. Bc4 Nf6 4. Nc3 Nxe4 5. d3 Nxc3 6. bxc3 Bc5 7. Nxe5 Nxe5
8. d4 Nxc4 9. Qe2+ Qe7 10. Qxe7+ Bxe7 11. O-O O-O 12. Re1 Ba3 13. Bf4 Bb2 14.
Rab1 Bxc3 15. Re4 Nd2 16. Bxd2 Bxd2 17. Rd1 f5 18. Re7 Bb4 19. Rd3 Bxe7 0-1

[Event "DEM U10/U10w 2000"]
[Site "Überlingen GER"]
[Date "2000.06.07"]
[Round "6"]
[White "Stöhr, Constantin"]
[Black "Göllner, Stefanie"]
[Result "1/2-1/2"]
[Termination "normal"]
[Board "41"]
[WhiteElo "742"]
[BlackElo "374"]
[PlyCount "82"]
[EventCountry "GER"]
[EventRounds "11"]
[EventType "swiss"]
[EventDate "2000.06.03"]

1. e4 e5 2. Nf3 Nc6 3. Bc4 h6 4. Nc3 Nf6 5. d3 Bb4 6. Bd2 d6 7. h3 O-O 8. O-O
Bd7 9. Re1 Re8 10. Ne2 Bxd2 11. Qxd2 Nh5 12. c3 Qf6 13. Qe3 Qg6 14. Nh4 Qf6 15.
Qf3 Qxf3 16. Nxf3 a6 17. a3 b5 18. Bd5 Nf6 19. Ba2 Be6 20. Bxe6 Rxe6 21. Ng3
Na5 22. b4 Nb7 23. Nf5 Rb8 24. d4 c6 25. dxe5 dxe5 26. Rac1 Rd8 27. Red1 Nd6
28. Nxd6 Rdxd6 29. Rxd6 Rxd6 30. Nxe5 Nxe4 31. f3 Nf6 32. Kf2 Rd2+ 33. Kg1 Re2
34. Nxc6 Ra2 35. g4 Rxa3 36. Nd4 Nd5 37. c4 bxc4 38. Rxc4 Ra4 39. Nc6 Ra1+ 40.
Kf2 Ra2+ 41. Kg3 Ne3 1/2-1/2

[Event "DEM U10/U10w 2000"]
[Site "Überlingen GER"]
[Date "2000.06.07"]
[Round "6"]
[White "Hoffmann, Lena"]
[Black "Weber, Kristina"]
[Result "0-1"]
[Termination "normal"]
[Board "43"]
[WhiteElo "233"]
[BlackElo "704"]
[PlyCount "58"]
[WhiteFideId "24626597"]
[EventCountry "GER"]
[EventRounds "11"]
[EventType "swiss"]
[EventDate "2000.06.03"]

1. e4 e5 2. Nf3 Nc6 3. Bc4 Bc5 4. c3 Nf6 5. d4 exd4 6. cxd4 Bb4+ 7. Nc3 Nxe4 8.
O-O Nxc3 9. bxc3 Bxc3 10. Ba3 Bxa1 11. Qb3 Qf6 12. Qe3+ Ne7 13. Rxa1 d6 14. Re1
Kd7 15. Ng5 Nf5 16. Qe4 Qxg5 17. Bxf7 Rf8 18. Be6+ Kd8 19. Bc1 Qf6 20. Bc4 Nh4
21. Re2 g6 22. g4 g5 23. Bb2 Nf3+ 24. Kh1 c6 25. Qxh7 Rh8 26. Qxh8+ Qxh8 27.
Kg2 Bxg4 28. Re4 Qh3+ 29. Kh1 Qxh2# 0-1

[Event "DEM U10/U10w 2000"]
[Site "Überlingen GER"]
[Date "2000.06.07"]
[Round "6"]
[White "Benzen, Marthe"]
[Black "Neudert, Maximilian"]
[Result "1-0"]
[Termination "normal"]
[Board "44"]
[WhiteElo "624"]
[BlackElo "346"]
[PlyCount "73"]
[WhiteFideId "24647764"]
[EventCountry "GER"]
[EventRounds "11"]
[EventType "swiss"]
[EventDate "2000.06.03"]

1. e4 c5 2. Nf3 Nc6 3. d4 cxd4 4. Nxd4 g6 5. c4 Bg7 6. Be3 Nf6 7. Nc3 O-O 8.
Be2 d6 9. O-O e6 10. f4 e5 11. fxe5 dxe5 12. Nxc6 bxc6 13. Bg5 Qb6+ 14. Rf2
Qxb2 15. Na4 Qb4 16. Bxf6 Be6 17. Bxg7 Kxg7 18. Qb3 Rab8 19. Rb1 Qd2 20. Qd1
Qxa2 21. Rxb8 Rxb8 22. Qd6 Rb1+ 23. Bf1 Qxa4 24. Qxe5+ Kg8 25. Rd2 Rb8 26.
Qxb8+ Kg7 27. Qe5+ Kh6 28. Qf4+ Kg7 29. e5 Qa3 30. Qf6+ Kh6 31. Rd3 Qc1 32. Rf3
a5 33. g3 a4 34. Qf4+ Qxf4 35. Rxf4 a3 36. Rf2 Bd7 37. Ra2 1-0

[Event "DEM U10/U10w 2000"]
[Site "Überlingen GER"]
[Date "2000.06.07"]
[Round "7"]
[White "Baldauf, Marco"]
[Black "Savchenko, Oleksey"]
[Result "1-0"]
[Termination "normal"]
[Board "1"]
[WhiteElo "1278"]
[BlackElo "1329"]
[PlyCount "57"]
[WhiteFideId "4688210"]
[BlackFideId "24611727"]
[EventCountry "GER"]
[EventRounds "11"]
[EventType "swiss"]
[EventDate "2000.06.03"]

1. e4 e5 2. Nf3 Nf6 3. Bc4 Nc6 4. Ng5 d5 5. exd5 Na5 6. Bb5+ c6 7. dxc6 bxc6 8.
Qf3 Bb7 9. Bd3 c5 10. Bb5+ Ke7 11. Qc3 Qc7 12. O-O Nd5 13. Qg3 f6 14. Nh3 Kf7
15. Nc3 Nb4 16. Ba4 a6 17. d3 Bc6 18. a3 Nd5 19. Nxd5 Bxd5 20. f4 e4 21. dxe4
Bxe4 22. Ng5+ Kg8 23. Nxe4 f5 24. Ng5 Bd6 25. Bd2 Nb7 26. Bc3 Bf8 27. Qd3 Nd6
28. Qd5+ Nf7 29. Qxa8 1-0

[Event "DEM U10/U10w 2000"]
[Site "Überlingen GER"]
[Date "2000.06.07"]
[Round "7"]
[White "Forchmann, Georg"]
[Black "Schlötzer, Waldemar"]
[Result "1-0"]
[Termination "normal"]
[Board "2"]
[WhiteElo "1214"]
[BlackElo "1199"]
[PlyCount "53"]
[BlackFideId "24602140"]
[EventCountry "GER"]
[EventRounds "11"]
[EventType "swiss"]
[EventDate "2000.06.03"]

1. e4 c5 2. Nc3 d6 3. g3 Nf6 4. Bg2 g6 5. d3 Bg7 6. f4 O-O 7. Nf3 Nc6 8. O-O
Bd7 9. Nh4 Bg4 10. Qe1 Nd4 11. Qf2 Qc8 12. f5 Rb8 13. h3 Bh5 14. g4 Nxg4 15.
hxg4 Bxg4 16. Bg5 Qd7 17. Nd5 f6 18. Be3 Nc6 19. fxg6 hxg6 20. Nxg6 Rf7 21. Qh4
b6 22. Rf4 f5 23. exf5 Bxf5 24. Qh5 Bxb2 25. Rb1 Bg7 26. Rh4 e6 27. Qh7# 1-0

[Event "DEM U10/U10w 2000"]
[Site "Überlingen GER"]
[Date "2000.06.07"]
[Round "7"]
[White "Bentz, Matthias"]
[Black "Geilfuss, Albert"]
[Result "1-0"]
[Termination "normal"]
[Board "3"]
[WhiteElo "1623"]
[BlackElo "1297"]
[PlyCount "161"]
[EventCountry "GER"]
[EventRounds "11"]
[EventType "swiss"]
[EventDate "2000.06.03"]

1. e4 c5 2. c3 d5 3. exd5 Qxd5 4. d4 cxd4 5. cxd4 Nf6 6. Nc3 Qd8 7. Nf3 g6 8.
Be2 Bg7 9. Be3 Nc6 10. O-O O-O 11. Qd2 Ng4 12. Rad1 Nxe3 13. fxe3 e6 14. a3 Qa5
15. Rc1 a6 16. Ne4 Qxd2 17. Nfxd2 Bd7 18. Nc5 Bh6 19. Kf2 Bc8 20. Rfd1 Ra7 21.
Bf3 Rd8 22. Na4 Ne7 23. Nb6 Kf8 24. Nxc8 Rxc8 25. Rxc8+ Nxc8 26. Rc1 Nd6 27. g4
Bg5 28. Ne4 Nxe4+ 29. Bxe4 b5 30. Rc6 Bh4+ 31. Ke2 Bg5 32. Bd3 Ke7 33. a4 Kd7
34. axb5 axb5 35. Bxb5 Ke7 36. Rc5 Bh6 37. g5 Bg7 38. Kd2 Rb7 39. b3 h6 40. h4
hxg5 41. hxg5 f6 42. gxf6+ Kxf6 43. Bc4 Rb6 44. Kc3 g5 45. b4 Bf8 46. Rb5 Rxb5
47. Bxb5 g4 48. Bc6 Bd6 49. b5 e5 50. b6 exd4+ 51. exd4 g3 52. Kc4 Ke7 53. Kb5
Ke6 54. Ka6 Kf5 55. Ka7 Kf4 56. Bh1 Kf5 57. b7 Ke6 58. b8=Q Bxb8+ 59. Kxb8 Kd6
60. Kb7 Kd7 61. Kb6 Kd6 62. d5 Kd7 63. Kc5 Kc7 64. d6+ Kd7 65. Kd5 Kd8 66. Kc6
Kc8 67. d7+ Kd8 68. Bg2 Ke7 69. Kc7 Kf6 70. d8=Q+ Ke5 71. Qd6+ Kf5 72. Qe7 Kf4
73. Qe4+ Kg5 74. Qf3 Kg6 75. Qf4 Kg7 76. Be4 Kg8 77. Bg6 Kg7 78. Bh5 g2 79.
Qf7+ Kh8 80. Bg6 g1=Q 81. Qh7# 1-0

[Event "DEM U10/U10w 2000"]
[Site "Überlingen GER"]
[Date "2000.06.07"]
[Round "7"]
[White "Bindrich, Falko"]
[Black "Müller, Reinhold"]
[Result "1-0"]
[Termination "normal"]
[Board "4"]
[WhiteElo "1645"]
[BlackElo "1248"]
[PlyCount "71"]
[WhiteFideId "4676670"]
[BlackFideId "24605875"]
[EventCountry "GER"]
[EventRounds "11"]
[EventType "swiss"]
[EventDate "2000.06.03"]

1. e4 c5 2. Nf3 d6 3. d4 cxd4 4. Nxd4 Nf6 5. Nc3 g6 6. Be3 Bg7 7. Bc4 Ng4 8.
Bb5+ Kf8 9. O-O a6 10. Bc4 Nc6 11. Ne6+ Bxe6 12. Bxe6 Nxh2 13. Kxh2 fxe6 14. f4
Qd7 15. Na4 Rd8 16. Qg4 Kf7 17. Rad1 Qe8 18. Nc3 Rb8 19. f5 exf5 20. exf5 Kg8
21. Kg1 Ne5 22. Qe4 Qc6 23. Nd5 Re8 24. Qh4 Qd7 25. Bg5 gxf5 26. Bxe7 Ng6 27.
Qc4 Kf7 28. Nf6+ d5 29. Nxe8 Qxe7 30. Rxf5+ Kxe8 31. Qc8+ Qd8 32. Re1+ Ne7 33.
Qxb7 Rf8 34. Rxd5 Bd4+ 35. Kh2 Qxd5 36. Qxe7# 1-0

[Event "DEM U10/U10w 2000"]
[Site "Überlingen GER"]
[Date "2000.06.07"]
[Round "7"]
[White "Ohme, Melanie"]
[Black "Schneider, David"]
[Result "0-1"]
[Termination "normal"]
[Board "5"]
[WhiteElo "1121"]
[BlackElo "1421"]
[PlyCount "116"]
[WhiteFideId "4690745"]
[BlackFideId "4697111"]
[EventCountry "GER"]
[EventRounds "11"]
[EventType "swiss"]
[EventDate "2000.06.03"]

1. e4 e5 2. Nf3 Nc6 3. Bc4 Bc5 4. c3 Nf6 5. d4 exd4 6. cxd4 Bb4+ 7. Bd2 Bxd2+
8. Nbxd2 d5 9. exd5 Nxd5 10. Qb3 Qe7+ 11. Be2 Nf6 12. d5 Ne5 13. Nxe5 Qxe5 14.
Qb5+ Nd7 15. O-O a6 16. Qd3 O-O 17. Nc4 Qf6 18. Bf3 Ne5 19. Nxe5 Qxe5 20. b3
Bf5 21. Qd2 Rad8 22. Rfe1 Qd6 23. Qg5 Bg6 24. Rac1 Rfe8 25. Qg4 Rxe1+ 26. Rxe1
Kf8 27. Qc4 Rd7 28. Bg4 Re7 29. Rxe7 Qxe7 30. Bc8 Qe1+ 31. Qf1 Qxf1+ 32. Kxf1
Bd3+ 33. Kg1 b6 34. Bb7 a5 35. Bc6 Bb1 36. a3 Ba2 37. b4 axb4 38. axb4 Ke7 39.
f3 Kd6 40. Kf2 Bxd5 41. Bb5 c5 42. bxc5+ Kxc5 43. Bd3 h6 44. Ke1 b5 45. Kd2 Bc4
46. Bc2 Kd4 47. Kc1 Kc3 48. Bb1 b4 49. g3 Bd3 50. f4 Bxb1 51. Kxb1 Kd3 52. Kb2
Ke3 53. Kb3 Kf3 54. Kxb4 Kg2 55. Kc5 Kxh2 56. Kd6 Kxg3 57. Ke7 f5 58. Kf7 g5
0-1

[Event "DEM U10/U10w 2000"]
[Site "Überlingen GER"]
[Date "2000.06.07"]
[Round "7"]
[White "Zikeli, Saskia"]
[Black "Lutz, Bernhard"]
[Result "1/2-1/2"]
[Termination "normal"]
[Board "6"]
[WhiteElo "1135"]
[BlackElo "1113"]
[PlyCount "70"]
[WhiteFideId "24601543"]
[BlackFideId "24628638"]
[EventCountry "GER"]
[EventRounds "11"]
[EventType "swiss"]
[EventDate "2000.06.03"]

1. e4 e6 2. d4 d5 3. e5 c5 4. c3 Nc6 5. Nf3 Qb6 6. a3 c4 7. g3 Bd7 8. Bh3 Na5
9. Nbd2 Nb3 10. Nxb3 Ba4 11. Nfd2 a5 12. O-O cxb3 13. f4 Bb5 14. Rf2 a4 15. f5
O-O-O 16. fxe6 fxe6 17. Qg4 Re8 18. Nf3 Bd3 19. Qf4 Nh6 20. Bd2 Be7 21. Re1
Bxa3 22. Bc1 Rhf8 23. Qe3 Be4 24. bxa3 Rxf3 25. Rxf3 Bxf3 26. Qxf3 b2 27. Bxb2
Qxb2 28. Qh5 Kd7 29. Qg5 Re7 30. Qc1 Qb6 31. Bf1 Ke8 32. Bd3 Rc7 33. Bxh7 Qb3
34. Re3 Ng4 35. Rd3 Qc4 1/2-1/2

[Event "DEM U10/U10w 2000"]
[Site "Überlingen GER"]
[Date "2000.06.07"]
[Round "7"]
[White "Mandery, Markus"]
[Black "Seyb, Alexander"]
[Result "1/2-1/2"]
[Termination "normal"]
[Board "7"]
[WhiteElo "1454"]
[BlackElo "1052"]
[PlyCount "44"]
[WhiteFideId "24607126"]
[BlackFideId "4699033"]
[EventCountry "GER"]
[EventRounds "11"]
[EventType "swiss"]
[EventDate "2000.06.03"]

1. d4 Nf6 2. c4 g6 3. Nc3 Bg7 4. e4 d6 5. f3 Nbd7 6. Be3 e5 7. d5 O-O 8. Qd2
Ne8 9. g4 Qh4+ 10. Bf2 Qe7 11. Nge2 Nb6 12. b3 h6 13. h4 Kh7 14. Ng3 Bd7 15. h5
g5 16. Nf5 Bxf5 17. gxf5 Bf6 18. Be2 a5 19. Bxb6 cxb6 20. Qe3 Qc7 21. Na4 Bd8
22. Kf2 Nf6 1/2-1/2

[Event "DEM U10/U10w 2000"]
[Site "Überlingen GER"]
[Date "2000.06.07"]
[Round "7"]
[White "Rudolf, Sebastian"]
[Black "Kleine, Jannik"]
[Result "0-1"]
[Termination "normal"]
[Board "8"]
[WhiteElo "1063"]
[BlackElo "1205"]
[PlyCount "46"]
[WhiteFideId "24609390"]
[EventCountry "GER"]
[EventRounds "11"]
[EventType "swiss"]
[EventDate "2000.06.03"]

1. e4 e5 2. Nf3 Nc6 3. d4 exd4 4. Nxd4 Nf6 5. Nc3 Bb4 6. Nxc6 bxc6 7. Bd3 O-O
8. O-O d5 9. exd5 Nxd5 10. Qh5 h6 11. Rd1 Kh8 12. Bxh6 Nf6 13. Bg5+ Nxh5 14.
Bxd8 Rxd8 15. Be4 Bb7 16. Na4 Rxd1+ 17. Rxd1 Re8 18. f3 Nf6 19. Bf5 Re1+ 20.
Rxe1 Bxe1 21. Nc5 Ba8 22. c3 Bd2 23. g3 Be3+ 0-1

[Event "DEM U10/U10w 2000"]
[Site "Überlingen GER"]
[Date "2000.06.07"]
[Round "7"]
[White "Körnlein, Daniel"]
[Black "Rafiee, Makan"]
[Result "1/2-1/2"]
[Termination "normal"]
[Board "9"]
[WhiteElo "1004"]
[BlackElo "1148"]
[PlyCount "76"]
[BlackFideId "24609340"]
[EventCountry "GER"]
[EventRounds "11"]
[EventType "swiss"]
[EventDate "2000.06.03"]

1. e4 c5 2. Nf3 d6 3. d4 cxd4 4. Nxd4 Nf6 5. Nc3 g6 6. Be3 Ng4 7. Bb5+ Bd7 8.
Qxg4 Nc6 9. Bxc6 bxc6 10. Qe2 Bg7 11. O-O O-O 12. Qd2 c5 13. Nf3 Re8 14. Bh6
Bh8 15. Rfe1 Rb8 16. Rab1 Qa5 17. e5 Bf5 18. Nh4 Be6 19. a3 Bxe5 20. Bf4 Bh8
21. Nf3 Rxb2 22. Rxb2 Bxc3 23. Qc1 Bxb2 24. Qxb2 Bg4 25. Bd2 Qc7 26. Bh6 e5 27.
Nd2 Qa5 28. Qc1 f6 29. Ne4 Qd8 30. Qd2 d5 31. Nxc5 g5 32. g3 Kf7 33. Qb4 Bc8
34. Nb7 Bxb7 35. Qxb7+ Re7 36. Qc6 Kg6 37. h4 Rc7 38. Qa4 Kxh6 1/2-1/2

[Event "DEM U10/U10w 2000"]
[Site "Überlingen GER"]
[Date "2000.06.07"]
[Round "7"]
[White "Pongratz, Philip"]
[Black "Dinger, Florian"]
[Result "1/2-1/2"]
[Termination "normal"]
[Board "10"]
[WhiteElo "946"]
[BlackElo "1135"]
[PlyCount "93"]
[BlackFideId "24605573"]
[EventCountry "GER"]
[EventRounds "11"]
[EventType "swiss"]
[EventDate "2000.06.03"]

1. e4 e5 2. Nf3 Nc6 3. Bb5 d6 4. O-O Bd7 5. c3 g6 6. d4 Bg7 7. Re1 a6 8. Ba4 b5
9. Bc2 Nge7 10. d5 Nb8 11. Nbd2 O-O 12. Nf1 c6 13. Ng3 Bg4 14. h3 Bxf3 15. gxf3
cxd5 16. exd5 Nd7 17. Ne4 Nb6 18. Kh2 Kh8 19. Rg1 f5 20. Ng5 Qd7 21. Ne6 Rfe8
22. Nxg7 Kxg7 23. Bb3 Qb7 24. Qd2 f4 25. h4 Rad8 26. h5 Kf6 27. hxg6 hxg6 28.
Qd3 g5 29. Kg2 Nexd5 30. Qe4 Qa8 31. Rh1 Rh8 32. Bc2 Ne7 33. Bd2 Rxh1 34. Rxh1
Qxe4 35. fxe4 Kg6 36. Bb3 a5 37. a3 Nc4 38. Bc1 a4 39. Ba2 Nc6 40. Kf3 Rg8 41.
Rd1 Rd8 42. Rh1 Rg8 43. Rd1 Rd8 44. Rh1 Ne7 45. Rd1 Kf6 46. Rh1 Kg6 47. Rd1
1/2-1/2

[Event "DEM U10/U10w 2000"]
[Site "Überlingen GER"]
[Date "2000.06.07"]
[Round "7"]
[White "Stock, Lara"]
[Black "Szczap, Arthur"]
[Result "1/2-1/2"]
[Termination "normal"]
[Board "11"]
[WhiteElo "1114"]
[BlackElo "925"]
[PlyCount "115"]
[BlackFideId "24637394"]
[EventCountry "GER"]
[EventRounds "11"]
[EventType "swiss"]
[EventDate "2000.06.03"]

1. e4 c5 2. Nf3 Nc6 3. d4 cxd4 4. Nxd4 d6 5. Nc3 Nf6 6. Bb5 Bd7 7. h3 e6 8. Be3
Be7 9. Qd2 O-O 10. O-O-O a6 11. Be2 b5 12. f3 b4 13. Nb1 a5 14. g4 a4 15. h4
Qc8 16. g5 Ne8 17. h5 b3 18. axb3 Nxd4 19. Bxd4 axb3 20. g6 h6 21. Rhg1 f6 22.
c3 f5 23. Be3 Bg5 24. Bxg5 hxg5 25. Qxg5 fxe4 26. h6 Rf5 27. Qe7 Qd8 28. Qxd8
Rxd8 29. fxe4 Rf2 30. Bd3 gxh6 31. Rdf1 Rxf1+ 32. Rxf1 d5 33. exd5 exd5 34. Rf7
Be6 35. Re7 Ng7 36. Nd2 Rb8 37. Rc7 Nh5 38. Rh7 Nf4 39. Bb1 Ra8 40. Nxb3 Rb8
41. Nd4 Bg4 42. g7 Kf7 43. Rh8 Rg8 44. Rxg8 Kxg8 45. b4 Kxg7 46. b5 Bc8 47. b6
Kf6 48. Kb2 Ke7 49. Ka3 Kd6 50. Kb4 h5 51. Bf5 Bxf5 52. b7 Kc7 53. Nxf5 Kxb7
54. Kc5 Kc7 55. c4 dxc4 56. Kxc4 Kd7 57. Kd4 Ng6 58. Ke4 1/2-1/2

[Event "DEM U10/U10w 2000"]
[Site "Überlingen GER"]
[Date "2000.06.07"]
[Round "7"]
[White "Bömelburg, Raphael"]
[Black "Wittmann, Thomas"]
[Result "0-1"]
[Termination "normal"]
[Board "12"]
[WhiteElo "1009"]
[BlackElo "1070"]
[PlyCount "60"]
[WhiteFideId "24692441"]
[EventCountry "GER"]
[EventRounds "11"]
[EventType "swiss"]
[EventDate "2000.06.03"]

1. e4 c5 2. Nf3 d6 3. Nc3 a6 4. Ng1 Nc6 5. f4 g6 6. Nf3 Bg7 7. a4 e6 8. Bc4 Rb8
9. O-O Nge7 10. d3 O-O 11. Qe1 Nd4 12. Nxd4 Bxd4+ 13. Be3 Bg7 14. g4 f5 15.
exf5 gxf5 16. gxf5 Nxf5 17. Kh1 b6 18. Bf2 Bb7+ 19. Kg1 Nd4 20. Bxe6+ Kh8 21.
Bxd4 Bxd4+ 22. Rf2 Rxf4 23. Nd1 Qg5+ 24. Kf1 Bxf2 25. Nxf2 Rbf8 26. Qc3+ R8f6
27. Ke1 Rxf2 28. Kd1 Qg1+ 29. Qe1 Bf3+ 30. Kc1 Qxe1# 0-1